Cómputo de votos y declaratorias de elección. Presidencia, vicepresidencias y diputaciones 2018

Đã lưu trong:
Chi tiết về thư mục
Tác giả của công ty: Costa Rica. Tribunal Supremo de Elecciones
Định dạng: Tài liệu chính phủ
Ngôn ngữ:Spanish
Những chủ đề:
Các nhãn: Thêm thẻ
Không có thẻ, Là người đầu tiên thẻ bản ghi này!

MARC

LEADER 00000 a a2200000 04500
001 42813
003 cru IIS
005 20221122104701.0
008 221122b |||||||| |||| 00| 0 spa d
040 |c cru IIS 
086 |a RE 04.04.02 C8373c 2002 
110 |a Costa Rica. Tribunal Supremo de Elecciones  
245 |a Cómputo de votos y declaratorias de elección.   |b Presidencia, vicepresidencias y diputaciones 2018  |c Tribunal Supremo de Eleccione de Costa Rica 
505 |a 1 Disco compacto 
650 |a ELECCIONES 
650 |a VOTACION 
650 |a GOBIERNO LOCAL 
650 |a ALCALDIAS 
650 |a SINDICOS 
650 |a CONCEJALES  
650 |a SAN JOSE  
773 |g volumen1, número1 (2002 )  
942 |2 ddc  |c RE 
999 |c 44662  |d 44662